| Tag |
First Indicator |
Second Indicator |
Subfields |
| LEADER |
00000cam a2200000 4500 |
| 001 |
in00000990808 |
| 005 |
20150927161048.0 |
| 008 |
740215s1972 maua b 00010 eng |
| 010 |
|
|
|a 74151470
|
| 035 |
|
|
|a (OCoLC)00841824
|
| 035 |
|
|
|9 AEY5428AM
|
| 040 |
|
|
|a DLC
|c DLC
|d m.c.
|d m/c
|d TXA
|d UtOrBLW
|
| 049 |
1 |
|
|a TXA2
|
| 050 |
0 |
0 |
|a TA7
|b .M36 no. 72-66
|a TD427.H4
|
| 082 |
0 |
|
|a 624/.08 s
|a 628.1/683
|
| 090 |
|
|
|a TA7
|b .M36 no. 156
|
| 100 |
1 |
|
|a Stolzenbach, Keith D.
|
| 245 |
1 |
2 |
|a A user's manual for three-dimensional heated surface discharge computations /
|c by Keith D. Stolzenbach, E. Eric Adams, and Donald R. F. Harleman.
|
| 264 |
|
1 |
|a [Cambridge] :
|b Dept. of Civil Engineering, Massachusetts Institute of Technology,
|c 1972.
|
| 300 |
|
|
|a 98 pages :
|b illustrations ;
|c 28 cm.
|
| 336 |
|
|
|a text
|b txt
|2 rdacontent
|
| 337 |
|
|
|a unmediated
|b n
|2 rdamedia
|
| 338 |
|
|
|a volume
|b nc
|2 rdacarrier
|
| 490 |
1 |
|
|a Massachusetts Institute of Technology. Dept. of Civil Engineering. Research report ;
|v R72-66
|
| 490 |
1 |
|
|a Ralph M. Parsons Laboratory for Water Resources and Hydrodynamics. Report ;
|v no. 156
|
| 500 |
|
|
|a "DSR 80003."
|
| 504 |
|
|
|a Includes bibliographical references.
|
| 650 |
|
0 |
|a Thermal pollution of rivers, lakes, etc.
|x Mathematical models.
|
| 700 |
1 |
|
|a Adams, E. Eric.
|
| 700 |
1 |
|
|a Harleman, Donald R. F.
|
| 710 |
1 |
|
|a United States.
|b Environmental Protection Agency.
|
| 710 |
2 |
|
|a Public Service Electric and Gas Company.
|
| 830 |
|
0 |
|a R (Massachusetts Institute of Technology. Department of Civil Engineering) ;
|v R72-66.
|
| 830 |
|
0 |
|a Report (Ralph M. Parsons Laboratory for Water Resources and Hydrodynamics) ;
|v no. 156.
|
| 999 |
|
|
|a MARS
|
| 999 |
f |
f |
|s 99d72e1c-1aed-31aa-8e97-44deaf9d0173
|i 9db452c7-4458-3edb-bb6b-1d042a390be5
|t 0
|
| 952 |
f |
f |
|p ric
|a Texas A&M University
|b Rellis Campus
|c Joint Library Facility
|d Remote Storage
|t 0
|e TA7 .M36 no.156
|h Library of Congress classification
|i unmediated -- volume
|k no.156
|l 1972:Sept.
|m A14842333123
|
| 998 |
f |
f |
|a TA7 .M36 no.156
|t 0
|l Remote Storage
|